My 55 ways to lower your golf score. (Record no. 549267)
[ view plain ]
| 000 -LEADER | |
|---|---|
| fixed length control field | 00456cam a22001451 4500 |
| 082 ## - DEWEY DECIMAL CLASSIFICATION NUMBER | |
| Classification number | 796.352 |
| Author Mark | NIC |
| -- | L-32, P-49 |
| 100 1# - MAIN ENTRY--PERSONAL NAME | |
| Personal name | Nicklaus, Jack. |
| 9 (RLIN) | 45828 |
| 245 10 - TITLE STATEMENT | |
| Title | My 55 ways to lower your golf score. |
| Statement of responsibility, etc. | With drawings by Francis Golden. |
| 260 ## - PUBLICATION, DISTRIBUTION, ETC. | |
| Place of publication, distribution, etc. | New York, |
| Name of publisher, distributor, etc. | Simon and Schuster |
| Date of publication, distribution, etc. | [1964] |
| 300 ## - PHYSICAL DESCRIPTION | |
| Extent | 125 p. |
| Other physical details | illus. (part col.) |
| Dimensions | 24 cm. |
| 526 ## - STUDY PROGRAM INFORMATION NOTE | |
| Program name | 0 |
| Interest level | 0 |
| Reading level | 0 |
| Title point value | 796_352000000000000_NIC |
| 650 #0 - SUBJECT ADDED ENTRY--TOPICAL TERM | |
| Topical term or geographic name entry element | Golf. |
| 9 (RLIN) | 45829 |
| 650 #0 - SUBJECT ADDED ENTRY--TOPICAL TERM | |
| Topical term or geographic name entry element | MCE |
| 9 (RLIN) | 379 |
| 942 ## - ADDED ENTRY ELEMENTS (KOHA) | |
| Source of classification or shelving scheme | |
| Koha item type | Book |
| Withdrawn status | Lost status | Source of classification or shelving scheme | Damaged status | Not for loan | Permanent Location | Current Location | Date acquired | Total Checkouts | Full call number | Barcode | Date last seen | Price effective from | Koha item type |
|---|---|---|---|---|---|---|---|---|---|---|---|---|---|
| Military College of Engineering (MCE) | Military College of Engineering (MCE) | 09/23/2014 | 796.352 NIC | MCE-2369 | 09/23/2014 | 09/23/2014 | Book |
